1026 1296 1188 1679 1568 1035 1717 1692 1213 1545 1530 1517 1269 1107 1379 1196 1483 1349 1712 1264 1474 1273 1523 1726 1943 1369 1984 1787 1792 1679 1345 1577 1367 1499 1955 1359 1062 1620 1598 1321 1616 1014 1576 1852 1695 1539 1405 1868 1042 1853 1128 1425 1845 1777 1390 1985 1788 1605 1800 1732 1987 1533 1386 1165 1767 1425 1229 1086 1895 1518 1961 1290 1501 1112 1351 1794 1114 1731 1727 1930 1913 1389 1204 1216 1338 1383 1236 1048 1568 1036 1005 1257 1156 1621 1883 1377 1905 1938 1241 BCNSPRNW ULIB Ver.6.0+V

เปลี่ยนเป็นภาษาไทย

Change to English
 แสดงรายละเอียดบรรณานุกรม
  กลับหน้าหลัก

Brief Record : Get Marc (ISO 2709) : E-mail record : QR code < ปิดหน้าต่าง
LEADER : 00000nam 2200000uu 4500
001    13399127992
003     ULIB
008    020711s2564 th a 000 0 tha d
020    ^a9786169375906
060    ^aWT100^bว837ก
100    ^aวีรศักดิ์ เมืองไพศาล
245    ^aการกลืนลำบากในผู้สูงอายุ
250    ^aพิมพ์ครั้งที่ 1
260    ^aสมุทรปราการ :^bห้างหุ้นส่วนจำกัด เอ็กสเพิร์ทอินเตอร์พริ้นท์,^c2564
300    ^a10 หน้า;^b19 ซม.
650    ^aผู้สูงอายุ^xการกลืนลำบาก
945    ^p0^l0^i008579
999    ^aประนอม เกษจรัล
รายการนี้ยังไม่มีแท็ก
คุณยังไม่ได้ล็อกอิน คุณสามารถมีกิจกรรมร่วมกับเว็บไซต์ได้ แต่ต้องล็อกอินก่อน ::
  ล็อกอิน

รายการสื่อสารสนเทศ

ลำดับที่ ประเภท เลขเรียก/บาร์โค้ด สถานที่ สถานะ
1. วิทยาศาสตร์การแพทย์ และสุขภาพ
หนังสือสำรอง
สถานะ=หนังสือสำรอง
WT100 ว837ก ฉ.1 
  Barcode: 008579
ห้องสมุดวิทยาเขตสวรรค์ประชารักษ์
►หนังสือทั่วไป
บนชั้น

รายการใกล้เคียง
    ผู้แต่ง [วีรศักดิ์ เมืองไพศาล]

BibComment


ยังไม่เคยถูกคอมเมนท์

คอมเมนท์ทรัพยากรรายการนี้
  คอมเมนท์: การกลืนลำบากในผู..


 Copyright 2026. Bcnsprnw @Library